[Event "IECG QE.2001.0.00011"]
[Site "IECG email"]
[Date "2001.12.14"]
[Round "?"]
[White "Cherner, Lyle"]
[Black "Mumma, Michael"]
[Result "0-1"]
[WhiteElo "1096"]
[BlackElo "1200"]
[PlyCount "32"]
[EventDate "2001.12.14"]
[EventType "tourn (corr)"]
[EventRounds "6"]
[SourceTitle "Corr 2024"]
[Source "ChessBase"]
[SourceDate "2023.10.19"]
[SourceVersion "1"]
[SourceVersionDate "2023.10.19"]
[SourceQuality "1"]

1. e4 c5 2. Bb5 a6 3. Be2 Nc6 4. Nf3 Nf6 5. Nc3 e5 6. d3 Be7 7. Nd5 d6 8. 0-0 Nxd5 9. exd5 Nd4 10. Nxd4 cxd4 11. a4 0-0 12. f4 b6 13. Bf3 Bb7 14. fxe5 Qc7 15. e6 fxe6 16. dxe6 Bxf3 0-1

[Event "IECG QE.2001.0.00011"]
[Site "IECG email"]
[Date "2001.12.14"]
[Round "?"]
[White "Hans, Oliver"]
[Black "Mumma, Michael"]
[Result "0-1"]
[WhiteElo "1300"]
[BlackElo "1200"]
[PlyCount "84"]
[EventDate "2001.12.14"]
[EventType "tourn (corr)"]
[EventRounds "6"]
[SourceTitle "Corr 2008"]
[Source "ChessBase"]
[SourceDate "2008.06.24"]
[SourceVersion "1"]
[SourceVersionDate "2008.06.24"]
[SourceQuality "1"]

1. e4 c6 2. d4 d5 3. exd5 cxd5 4. Nf3 Nf6 5. Bb5+ Bd7 6. Bd3 e6 7. 0-0 Be7 8. Re1 Nc6 9. c3 0-0 10. Bf4 Nh5 11. Be3 Nf6 12. Ne5 Qc7 13. Bg5 h6 14. Bf4 Nxe5 15. Bxe5 Qb6 16. b3 Bc6 17. h4 Nd7 18. h5 Qd8 19. Bf4 Bg5 20. Bxg5 Qxg5 21. Qd2 Qxd2 22. Nxd2 Rfe8 23. Re3 e5 24. Rae1 e4 25. f3 f5 26. fxe4 fxe4 27. c4 Nf6 28. cxd5 exd3 29. dxc6 bxc6 30. Rxe8+ Rxe8 31. Rxe8+ Nxe8 32. Kf2 Nf6 33. Ke3 Kf7 34. Kxd3 Nxh5 35. Kc4 Ke7 36. Ne4 Nf4 37. Ng3 g6 38. Ne4 Nxg2 39. Kc5 Kd7 40. Nf6+ Ke6 41. Ne4 Kd7 42. Nf6+ Kc7 0-1

[Event "IECG QE.2001.0.00011"]
[Site "IECG email"]
[Date "2001.12.14"]
[Round "?"]
[White "Mumma, Michael"]
[Black "Cherner, Lyle"]
[Result "1-0"]
[WhiteElo "1200"]
[BlackElo "1096"]
[PlyCount "31"]
[EventDate "2001.12.14"]
[EventType "tourn (corr)"]
[EventRounds "6"]
[SourceTitle "Corr 2024"]
[Source "ChessBase"]
[SourceDate "2023.10.19"]
[SourceVersion "1"]
[SourceVersionDate "2023.10.19"]
[SourceQuality "1"]

1. e4 c6 2. d4 d5 3. exd5 cxd5 4. Nf3 Nf6 5. c3 Nc6 6. Bd3 g6 7. 0-0 Bg7 8. Bf4 0-0 9. Nbd2 Nh5 10. Bg3 Nxg3 11. fxg3 Bg4 12. h3 Bc8 13. Qc2 Qc7 14. g4 Qg3 15. Rfe1 a6 16. Rad1 1-0

[Event "IECG QE.2001.0.00011"]
[Site "IECG email"]
[Date "2001.12.14"]
[Round "?"]
[White "Mumma, Michael"]
[Black "Hans, Oliver"]
[Result "1-0"]
[WhiteElo "1200"]
[BlackElo "1300"]
[PlyCount "65"]
[EventDate "2001.12.14"]
[EventType "tourn (corr)"]
[EventRounds "6"]
[SourceTitle "Corr 2008"]
[Source "ChessBase"]
[SourceDate "2008.06.24"]
[SourceVersion "1"]
[SourceVersionDate "2008.06.24"]
[SourceQuality "1"]

1. e4 e5 2. Nf3 Nc6 3. Bc4 Nf6 4. d4 exd4 5. 0-0 Be7 6. e5 Ng4 7. Bf4 0-0 8. h3 Nh6 9. Nxd4 Nxd4 10. Qxd4 Nf5 11. Qe4 d6 12. Rd1 Qd7 13. Nc3 Qc6 14. Bd5 Qc5 15. Bb3 Bh4 16. Rd2 dxe5 17. Qxe5 Qxe5 18. Bxe5 c6 19. Rad1 Re8 20. g4 h5 21. Bf4 hxg4 22. hxg4 Ne7 23. f3 Ng6 24. Bc7 Bf6 25. Ne4 Bxb2 26. Bxf7+ Kxf7 27. Nd6+ Kf8 28. Nxe8 Kxe8 29. Rb1 Bc3 30. Rd8+ Kf7 31. g5 Nf8 32. Rb3 Ne6 33. Rxc3 1-0